00000000nam 2200000zi 4500
0019.945628
003CaOODSP
00520241127105220
006m     o  d f      
007cr |n|||||||||
008241127t20012001onc     o    f00| 0 eng d
020 |z0660616149
040 |aCaOODSP|beng|erda|cCaOODSP
043 |an-cn---
0861 |aJU1-4/2000E-PDF|zJU1-4/2000
1101 |aCanada. |bOffice of the Commissioner for Federal Judicial Affairs, |eissuing body.
24510|aFederal Court reports consolidated index (1997-2000) / |cpublished by the Office of the Commissioner for Federal Judicial Affairs.
264 1|aOttawa, Canada : |bOffice of the Commissioner for Federal Judicial Affairs, |c[2001]
264 4|c©2001
300 |a1 online resource (xxxii, 287 pages)
336 |atext|btxt|2rdacontent
337 |acomputer|bc|2rdamedia
338 |aonline resource|bcr|2rdacarrier
500 |aIssued also in French under title: Table récapitulative du Recueil des arrêts de la Cour fédérale (1997-2000).
500 |aDigitized edition from print [produced by Government of Canada Publications Directorate].
650 0|aLaw reports, digests, etc.|zCanada|vIndexes.
655 7|aIndexes|2lcgft
77508|tTable récapitulative du Recueil des arrêts de la Cour fédérale (1997-2000) / |w(CaOODSP)9.945637
85640|qPDF|s19.5 MB|uhttps://publications.gc.ca/collections/collection_2024/cmf-fja/JU1-4-2000-eng.pdf